000 00459nab a2200145Ia 4500
003 ES-SlBCS
005 20210601125508.0
008 140529s2004 xxu||||| |||| 00| 0 eng d
041 _aeng
100 1 _aUpton, Thomas V.
_947274
245 0 0 _aTruth vs. Necessary Truth in Aristotle´s Sciences
_c Thomas V. Upton
600 0 4 _aAristóteles-Ciencia
_9159300
773 0 _tReview of Methaphysics
_gvol. 57/4, nº. 228, 2004, págs. 741-754
_wRev843
942 _cAR
999 _c531239
_d531239